Loading...
Organizational psychology
| Main Author: | |
|---|---|
| Other Authors: | |
| Language: | English |
| Published: |
Prentice hall
1971
|
| Edition: | 2nd ed. |
| LEADER | 00461nam a22001577a 4500 | ||
|---|---|---|---|
| 005 | 20151215125525.0 | ||
| 008 | 091228t xxu||||| |||| 00| 0 eng d | ||
| 100 | |a Kolb, Rubin |9 14268 | ||
| 245 | |a Organizational psychology | ||
| 250 | |a 2nd ed. | ||
| 300 | |a 422p. | ||
| 700 | |a Mclntyre |9 14267 | ||
| 942 | |c BK |6 _ | ||
| 260 | |b Prentice hall |c 1971 | ||
| 999 | |c 106000 |d 106000 | ||
| 952 | |0 0 |1 5 |2 ddc |4 0 |6 _ |7 0 |9 133501 |a SMS |b SMS |c GEN |d 2009-12-28 |p SMS009544 |r 2009-12-28 |w 2009-12-28 |y WR | ||